[Event "FIDE Online Olympiad"]
[Site "Chess.com"]
[Date "2020.07.25"]
[EventDate "2020.07.25"]
[Round "1"]
[Result "1-0"]
[White "Myint Han"]
[Black "Shawal Sharikhan"]
[WhiteElo "2225"]
[BlackElo "1793"]
[PlyCount "129"]

1. e4 e5 2. Nf3 Nc6 3. Bb5 a6 4. Ba4 Nf6 5. O-O b5 6. Bb3 Be7
7. Re1 O-O 8. h3 d6 9. c3 h6 10. d4 exd4 11. cxd4 Bb7 12. Nbd2
Na5 13. Bc2 c5 14. d5 Nd7 15. Nf1 Bf6 16. Ng3 Ne5 17. Nh2 Re8
18. Rb1 Bc8 19. b3 Ng6 20. Nf3 Ne5 21. Bd2 Nxf3+ 22. Qxf3 Nb7
23. Nf5 Bxf5 24. Qxf5 Bd4 25. Kh1 Qf6 26. Qxf6 Bxf6 27. f4 g5
28. g3 Kh8 29. Kg2 Rg8 30. Kf3 gxf4 31. gxf4 Bd4 32. Re2 f6
33. Rg2 Rxg2 34. Kxg2 Rg8+ 35. Kf3 Nd8 36. a4 b4 37. Bd3 a5
38. Be1 Nf7 39. Bh4 h5 40. Re1 Re8 41. Re2 Rg8 42. Bb5 Rg7
43. Be8 Kg8 44. Bb5 Kf8 45. Rg2 Rxg2 46. Kxg2 Nh6 47. Kf3 Ke7
48. Bd3 Kf7 49. Be2 Kg6 50. Bd3 Kg7 51. Bg3 Nf7 52. Bb5 Kf8
53. Bh4 Nh6 54. Bg3 Nf7 55. Ke2 Nh6 56. Kd3 Nf7 57. Bd7 Nh6
58. Kc4 Ke7 59. Be6 f5 60. e5 dxe5 61. fxe5 Nf7 62. Bh4+ Kf8
63. Bxf7 Kxf7 64. e6+ Ke8 65. d6 1-0

[Event "FIDE Online Olympiad"]
[Site "Chess.com"]
[Date "2020.07.25"]
[EventDate "2020.07.25"]
[Round "1"]
[Result "1-0"]
[White "Azeem Makhdoomi Yousuf"]
[Black "Rogelio L Orio"]
[WhiteElo "1779"]
[BlackElo "1790"]
[PlyCount "73"]

1. d4 d6 2. Nf3 Nf6 3. Bf4 Nbd7 4. h3 h6 5. e3 g5 6. Bh2 c6
7. Nbd2 Qa5 8. c3 e5 9. Nc4 Qd8 10. dxe5 dxe5 11. Nfxe5 Nd5
12. Qh5 Qf6 13. Nxd7 Bxd7 14. Be5 Qe6 15. Bxh8 O-O-O 16. O-O-O
f6 17. Qg6 Be8 18. Qc2 Qg8 19. e4 Bg6 20. Bd3 Nxc3 21. Qxc3
Qxh8 22. e5 f5 23. Bc2 Bg7 24. Rxd8+ Kxd8 25. Rd1+ Kc7 26. Qd4
Qe8 27. Qd6+ Kc8 28. e6 Bf8 29. Qd7+ Qxd7 30. exd7+ Kd8
31. Ne5 Bh5 32. g4 fxg4 33. hxg4 Bg7 34. gxh5 Bxe5 35. Bf5
Bf4+ 36. Kc2 b5 37. Re1 1-0

[Event "FIDE Online Olympiad"]
[Site "Chess.com"]
[Date "2020.07.25"]
[EventDate "2020.07.25"]
[Round "3"]
[Result "1-0"]
[White "Shawal Sharikhan"]
[Black "Radcliffe Paras"]
[WhiteElo "1793"]
[BlackElo "1646"]
[PlyCount "77"]

1. e4 c5 2. Nc3 d6 3. f4 Nf6 4. Nf3 g6 5. Bc4 Bg7 6. d3 Nc6
7. O-O O-O 8. a3 a6 9. Bd2 b5 10. Ba2 b4 11. Nd5 bxa3 12. bxa3
Ng4 13. Rb1 Nd4 14. h3 Nxf3+ 15. Qxf3 Nf6 16. Nxf6+ Bxf6
17. e5 Bd7 18. exf6 exf6 19. Bd5 Rb8 20. Bc3 Rxb1 21. Rxb1 Be6
22. Rb7 Re8 23. Bxe6 Rxe6 24. Qc6 d5 25. Qd7 Qf8 26. Qxd5 Re2
27. Bxf6 Qe8 28. Be5 Rxc2 29. Rb8 Qxb8 30. Bxb8 Kg7 31. Be5+
Kh6 32. Qxf7 Rc1+ 33. Kh2 Rc2 34. Kg3 c4 35. dxc4 a5 36. Kf3
a4 37. Qg7+ Kh5 38. g4+ Kh4 39. Qxh7# 1-0

[Event "FIDE Online Olympiad"]
[Site "Chess.com"]
[Date "2020.07.25"]
[EventDate "2020.07.25"]
[Round "3"]
[Result "1-0"]
[White "Nur Zahira Zazali"]
[Black "Grace Co Estur"]
[WhiteElo "1501"]
[BlackElo "1472"]
[PlyCount "45"]

1. e4 e5 2. Nf3 Nc6 3. Bc4 d6 4. O-O Bg4 5. c3 h6 6. Re1 Qd7
7. d4 exd4 8. cxd4 O-O-O 9. Be3 Nf6 10. Nbd2 d5 11. exd5 Nxd5
12. Qa4 Nb6 13. Qc2 Bb4 14. a3 Bxf3 15. axb4 Bd5 16. b5 Nxc4
17. Nxc4 Bxc4 18. Qxc4 Nxd4 19. Rxa7 Qg4 20. Ra8+ Kd7 21. Qd5+
Ke7 22. Bxd4+ Kf8 23. Rxd8# 1-0

[Event "FIDE Online Olympiad"]
[Site "Chess.com"]
[Date "2020.07.25"]
[EventDate "2020.07.25"]
[Round "3"]
[Result "1-0"]
[White "Salim Al Amri Salim Mohammed"]
[Black "Ali Khan Salman"]
[WhiteElo "2032"]
[BlackElo "1687"]
[PlyCount "73"]

1. e4 c5 2. Nf3 d6 3. d4 cxd4 4. Nxd4 Nf6 5. Nc3 a6 6. Bg5 e6
7. f4 Nbd7 8. Qf3 Be7 9. O-O-O Qc7 10. g4 b5 11. Bxf6 Nxf6
12. g5 Nd7 13. f5 Ne5 14. Qg3 Bd7 15. fxe6 fxe6 16. Bh3 Qc8
17. Rhf1 b4 18. Nce2 Ng6 19. Bg4 Bxg5+ 20. Kb1 Bh4 21. Qh3 Bf6
22. Nxe6 Ke7 23. Qd3 Bxe6 24. Qxd6+ Kf7 25. Bxe6+ Qxe6
26. Qc7+ Qe7 27. Rd7 Rhc8 28. Rxe7+ Nxe7 29. Qa5 Kg8 30. e5
Bg5 31. Qxb4 Rab8 32. Qg4 h6 33. h4 Rf8 34. Rxf8+ Rxf8
35. hxg5 Rf1+ 36. Nc1 Nf5 37. Qc4+ 1-0

[Event "FIDE Online Olympiad"]
[Site "Chess.com"]
[Date "2020.07.25"]
[EventDate "2020.07.25"]
[Round "3"]
[Result "1-0"]
[White "Azeem Makhdoomi Yousuf"]
[Black "Amin Al Ansi"]
[WhiteElo "1779"]
[BlackElo "1887"]
[PlyCount "87"]

1. d4 Nf6 2. Nf3 d5 3. Bf4 e6 4. e3 Bd6 5. Bg3 O-O 6. Nbd2 c5
7. c3 Qc7 8. Bd3 Nbd7 9. O-O Bxg3 10. hxg3 b6 11. e4 dxe4
12. Nxe4 Bb7 13. Re1 cxd4 14. Nxd4 Rad8 15. Qe2 Nxe4 16. Bxe4
Bxe4 17. Qxe4 Nf6 18. Qh4 Rd5 19. Nf3 Rfd8 20. Qa4 b5 21. Qc2
Qd6 22. a4 a6 23. axb5 axb5 24. Qb3 h6 25. Ra5 Qb6 26. Raa1
Ng4 27. Re2 Qc5 28. Rf1 g6 29. Re4 h5 30. c4 bxc4 31. Rxc4 Qa7
32. Qc2 Qd7 33. b4 Rb8 34. Rb1 Rdb5 35. Nd4 Rd5 36. Nb3 Rd3
37. Nc5 Qd5 38. Qxd3 Qg5 39. Ne4 Qf5 40. Qf3 Qd5 41. Qxg4 hxg4
42. Nf6+ Kg7 43. Nxd5 exd5 44. Rc5 1-0

[Event "FIDE Online Olympiad"]
[Site "Chess.com"]
[Date "2020.07.25"]
[EventDate "2020.07.25"]
[Round "1"]
[Result "1-0"]
[White "Al-Ghasra, Ali"]
[Black "Hasseye Alhousseyni"]
[WhiteElo "2003"]
[BlackElo "1925"]
[PlyCount "58"]

1. d4 Nf6 2. c4 g6 3. Nc3 d5 4. cxd5 Nxd5 5. e4 Nxc3 6. bxc3 Bg7 7. Be3 c5 8.
Bc4 O-O 9. Ne2 cxd4 10. Bxd4 e5 11. Bc5 Re8 12. Qb3 Qf6 13. O-O Nc6 14. f4 Na5
15. Qb5 Be6 16. Bxe6 Qxe6 17. Qxa5 b6 18. Bxb6 axb6 19. Qb5 Ra5 20. Qb4 Rea8
21. f5 Qc6 22. fxg6 hxg6 23. Qb3 R5a7 24. Ng3 b5 25. Rf3 Qc4 26. Rb1 Rxa2 27.
Qxb5 Qxb5 28. Rxb5 Ra1+ 29. Nf1  1-0

[Event "FIDE Online Olympiad"]
[Site "Chess.com"]
[Date "2020.07.25"]
[EventDate "2020.07.25"]
[Round "1"]
[Result "1-0"]
[White "Fadi Eid"]
[Black "Ebrima Bah"]
[WhiteElo "2337"]
[BlackElo "2085"]
[PlyCount "42"]

1. e4 e5 2. Nf3 Nc6 3. Nc3 Bc5 4. Nxe5 Nxe5 5. d4 Bd6 6. dxe5 Bxe5 7. Bd3 c6 8.
f4 Bd4 9. Qe2 d6 10. Be3 Bxe3 11. Qxe3 Bg4 12. h3 Qh4+ 13. g3 Qh5 14. Kd2 Bd7
15. g4 Qa5 16. Rae1 O-O-O 17. Kc1 f6 18. Bc4 Ne7 19. Rd1 Qb4 20. Bb3 Kb8 21.
Rd4  1-0

[Event "FIDE Online Olympiad"]
[Site "Chess.com"]
[Date "2020.07.25"]
[EventDate "2020.07.25"]
[Round "1"]
[Result "1-0"]
[White "Husein Aziz Nezad"]
[Black "Harmon Barcon"]
[WhiteElo "2430"]
[BlackElo "1996"]
[PlyCount "26"]

1. e4 c6 2. d4 d5 3. Nd2 dxe4 4. Nxe4 Bf5 5. Ng3 Bg6 6. Nf3 e6 7. h4 f6 8. Bc4
Bf7 9. Qe2 Qc8 10. Bd2 Bd6 11. Nf5 Bf8 12. O-O-O Ne7 13. Nd6+  1-0

[Event "FIDE Online Olympiad"]
[Site "Chess.com"]
[Date "2020.07.25"]
[EventDate "2020.07.25"]
[Round "1"]
[Result "1-0"]
[White "Danilo Volpinari"]
[Black "Wilfried Ntamatungiro"]
[WhiteElo "1946"]
[BlackElo "1720"]
[PlyCount "76"]

1. d4 Nf6 2. Bg5 c6 3. Bxf6 exf6 4. e3 d5 5. Bd3 Bd6 6. Ne2 Bg4 7. Nd2 Nd7 8.
c4 dxc4 9. Bxc4 Nb6 10. Bd3 Qc7 11. Qc2 Nd5 12. a3 Bh5 13. Rc1 Rc8 14. Ne4 Bg6
15. Nxd6+ Qxd6 16. Bxg6 hxg6 17. Qc5 Qc7 18. h3 b6 19. Qc2 O-O 20. O-O Rfe8 21.
Nc3 Qd6 22. Qb3 f5 23. Nxd5 cxd5 24. g3 Rc6 25. Rxc6 Qxc6 26. Kg2 Rc8 27. Rd1
Qc2 28. Rd3 Qb1 29. h4 Rc2 30. Rc3 Rxb2 31. Qxd5 Qe1 32. Rc8+ Kh7 33. Qf3 Rb1
34. Kh3 Qf1+ 35. Qg2 Qe2 36. Rc7 Qg4+ 37. Kh2 g5 38. hxg5  1-0

[Event "FIDE Online Olympiad"]
[Site "Chess.com"]
[Date "2020.07.25"]
[EventDate "2020.07.25"]
[Round "2"]
[Result "1-0"]
[White "Husain Ayyad"]
[Black "Ezio Righi"]
[WhiteElo "2249"]
[BlackElo "1994"]
[PlyCount "108"]

1. e4 c5 2. Nf3 e6 3. d4 cxd4 4. Nxd4 a6 5. Bd3 Bc5 6. Nb3 Ba7 7. O-O Nc6 8.
Qg4 Nf6 9. Qxg7 Rg8 10. Qh6 Ne5 11. Bg5 Rg6 12. Qh4 Nf3+ 13. gxf3 h6 14. Kh1
hxg5 15. Qg3 Bb8 16. e5 Nd5 17. Bxg6 fxg6 18. N1d2 d6 19. Ne4 dxe5 20. Rad1 Qe7
21. Qxg5 Qxg5 22. Nxg5 Ke7 23. Nc1 Bd7 24. Nd3 Bd6 25. c4 Nf6 26. Ne4 Bc7 27.
Nxf6 Kxf6 28. Nc5 Bc6 29. Ne4+ Kf5 30. Rfe1 Rh8 31. Kg2 Rh4 32. b4 g5 33. Kg3
Rf4 34. h3 Kg6 35. Rc1 Bb6 36. b5 axb5 37. cxb5 Bd5 38. a4 Ba5 39. Re3 Bb6 40.
Re2 Ba5 41. Rc8 Bb4 42. Rg8+ Kf7 43. Rxg5 Rf5 44. h4 Be7 45. Rxf5+ exf5 46.
Ng5+ Kf6 47. a5 Bc4 48. Rb2 Ba3 49. Rb1 Bd6 50. Rd1 Bb4 51. a6 bxa6 52. b6 f4+
53. Kg2 Be2 54. b7  1-0

[Event "FIDE Online Olympiad"]
[Site "Chess.com"]
[Date "2020.07.25"]
[EventDate "2020.07.25"]
[Round "2"]
[Result "1-0"]
[White "Harmon Barcon"]
[Black "Dieudonne Muheto"]
[WhiteElo "1996"]
[BlackElo "1802"]
[PlyCount "62"]

1. e4 c6 2. d4 d5 3. Nd2 dxe4 4. Nxe4 Nd7 5. Nf3 Ndf6 6. Ng3 e6 7. Bd3 Ne7 8.
O-O Ng6 9. c3 c5 10. Be3 cxd4 11. Bxd4 Be7 12. h3 O-O 13. Qc2 Qc7 14. Rfe1 a6
15. Ne5 b5 16. Rad1 Bb7 17. Nxg6 hxg6 18. Be5 Qa5 19. a3 Nd7 20. Bxg6 Nxe5 21.
Bh7+ Kh8 22. Rxe5 f5 23. Rxe6 Kxh7 24. Rxe7 Qb6 25. Rdd7 Be4 26. Rxg7+ Kh6 27.
Nxe4 fxe4 28. Rh7+ Kg5 29. Qd2+ e3 30. Qd5+ Kf6 31. Rh6#  1-0

[Event "FIDE Online Olympiad"]
[Site "Chess.com"]
[Date "2020.07.25"]
[EventDate "2020.07.25"]
[Round "3"]
[Result "1-0"]
[White "Fadi Eid"]
[Black "Bakary Traore"]
[WhiteElo "2337"]
[BlackElo "2145"]
[PlyCount "32"]

1. e4 e5 2. Nf3 Nf6 3. Nc3 Nc6 4. d4 exd4 5. Nxd4 Bb4 6. Nxc6 bxc6 7. Bd3 O-O
8. O-O d5 9. exd5 cxd5 10. Bg5 c6 11. Qf3 Be7 12. Rae1 h6 13. Bxh6 gxh6 14. Qe3
Be6 15. Qxh6 Ng4 16. Qh7#  1-0

[Event "FIDE Online Olympiad"]
[Site "Chess.com"]
[Date "2020.07.25"]
[EventDate "2020.07.25"]
[Round "3"]
[Result "1-0"]
[White "Al-Homaid, Abdullah Mohammed"]
[Black "Bongo Ngombele, Tary"]
[WhiteElo "1301"]
[BlackElo "1688"]
[PlyCount "138"]

1. e4 e5 2. Nf3 Nc6 3. Bc4 Bc5 4. c3 Nf6 5. d3 h6 6. O-O O-O 7. Nbd2 d6 8. Bb3
Be6 9. h3 a6 10. Re1 Qe7 11. Nf1 Ba7 12. Ng3 Na5 13. Bc2 c5 14. d4 cxd4 15.
cxd4 Bd7 16. d5 b5 17. b3 Nb7 18. Be3 Bc5 19. Qd2 Rac8 20. Rac1 a5 21. a3 Bxa3
22. Ra1 Bb4 23. Qe2 Bxe1 24. Rxe1 Rc3 25. Nh2 Rfc8 26. Rc1 a4 27. bxa4 bxa4 28.
Qd2 a3 29. Ne2 R3c4 30. Bb3 Rxc1+ 31. Nxc1 Nxe4 32. Qd3 f5 33. Bc2 a2 34. Nxa2
Nbc5 35. Qe2 Qd8 36. f3 Ng3 37. Qf2 f4 38. Bc1 Qa5 39. Ng4 Qxa2 40. Bh7+ Kxh7
41. Qxa2 Nd3 42. Bd2 h5 43. Nf2 Ne2+ 44. Kh2 Nxf2 45. Qb1+ Kh6 46. Qe1 Ng3 47.
Qxf2 Rc5 48. Qxg3 Rxd5 49. Qf2 g5 50. Bb4 g4 51. hxg4 hxg4 52. Qh4+ Kg6 53.
fxg4 e4 54. Qf2 Kg5 55. Bd2 e3 56. Bxe3 fxe3 57. Qxe3+ Kf6 58. Qf3+ Ke5 59.
Qe3+ Kf6 60. Qf4+ Ke6 61. g5 Rf5 62. Qe4+ Re5 63. Qg6+ Kd5 64. Qf6 Kc6 65. g6
Re6 66. Qf7 d5 67. g7 Rh6+ 68. Kg3 d4 69. g8=Q  1-0

[Event "FIDE Online Olympiad"]
[Site "Chess.com"]
[Date "2020.07.25"]
[EventDate "2020.07.25"]
[Round "1"]
[Result "1-0"]
[White "Mohamed Abderrahim, Taleb Mohamed"]
[Black "Nathaniel Mathurin"]
[WhiteElo "1811"]
[BlackElo "1669"]
[PlyCount "102"]

1. e4 c5 2. Nf3 d6 3. d4 cxd4 4. Nxd4 Nf6 5. Nc3 a6 6. Be2 e5 7. Nf3 Be7 8. O-O
O-O 9. Bg5 Nbd7 10. a4 b6 11. Re1 Bb7 12. Bd3 Qc7 13. Nd2 h6 14. Bxf6 Nxf6 15.
Nc4 Nd7 16. Ne3 Rfe8 17. f3 Bg5 18. Ned5 Qc5+ 19. Kh1 Bxd5 20. Nxd5 b5 21. b4
Qc6 22. axb5 axb5 23. Qe2 Rxa1 24. Rxa1 Ra8 25. Rxa8+ Qxa8 26. Bxb5 Qa7 27. g3
Nb6 28. Nxb6 Qxb6 29. Kg2 Be3 30. c3 Bc1 31. Bc4 g6 32. Bb3 Kg7 33. Qc4 Qa7 34.
b5 Be3 35. Qd5 Bc5 36. f4 exf4 37. gxf4 Qe7 38. h3 h5 39. e5 dxe5 40. Qxe5+
Qxe5 41. fxe5 Kf8 42. Kf3 Ke7 43. Ke4 f5+ 44. exf6+ Kxf6 45. Kd5 Bf2 46. Kc6 g5
47. b6 g4 48. hxg4 hxg4 49. Bd5 Ke7 50. c4 Kd8 51. c5  1-0

[Event "FIDE Online Olympiad"]
[Site "Chess.com"]
[Date "2020.07.25"]
[EventDate "2020.07.25"]
[Round "1"]
[Result "1-0"]
[White "Lesley Cielo"]
[Black "Davena Jonet"]
[WhiteElo "1243"]
[BlackElo "1458"]
[PlyCount "68"]

1. d4 d5 2. Nf3 Nc6 3. Bf4 Bf5 4. e3 h6 5. a3 a6 6. Bd3 Bxd3 7. Qxd3 Nf6 8.
Nbd2 e6 9. O-O Bd6 10. Be5 Bxe5 11. Nxe5 Qd6 12. f4 Nd7 13. c4 f6 14. Qg6+ Kd8
15. Nf7+ Kc8 16. Nxd6+ cxd6 17. cxd5 exd5 18. Rac1 Kc7 19. b4 b5 20. Nb3 Kb7
21. Na5+ Nxa5 22. bxa5 Rae8 23. Qf7 Rd8 24. Qxd5+ Kb8 25. Qxd6+ Ka8 26. Qxa6+
Kb8 27. Qxb5+ Ka8 28. Qa6+ Kb8 29. Rb1+ Kc7 30. Rfc1+ Nc5 31. Rxc5+ Kd7 32.
Rb7+ Ke8 33. Qe6+ Kf8 34. Qf7#  1-0

[Event "FIDE Online Olympiad"]
[Site "Chess.com"]
[Date "2020.07.25"]
[EventDate "2020.07.25"]
[Round "2"]
[Result "1-0"]
[White "Mohamed Othman Alkrnaf"]
[Black "Jude Mirvens Guillaume"]
[WhiteElo "1852"]
[BlackElo "2022"]
[PlyCount "82"]

1. e4 c5 2. Nf3 d6 3. d4 cxd4 4. Nxd4 Nf6 5. Nc3 a6 6. Be3 e6 7. g4 Nc6 8. g5
Nd7 9. f4 Qc7 10. h4 Nxd4 11. Qxd4 b5 12. Bg2 Bb7 13. h5 h6 14. g6 f6 15. Bh3
Ke7 16. O-O-O Rd8 17. f5 exf5 18. Bxf5 Ne5 19. Nd5+ Bxd5 20. Qxd5 Qc4 21. Qb7+
Rd7 22. Bxd7 Nxd7 23. Qxa6 Kd8 24. Qa8+ Kc7 25. Rd3 b4 26. Qa7+ Kd8 27. Qa8+
Ke7 28. b3 Qc7 29. Bf4 Ne5 30. Bxe5 fxe5 31. Rf1 Ke6 32. Qd5+ Kd7 33. Rf7+ Be7
34. Qxe5 Re8 35. Qf5+ Kc6 36. Qd5+ Kb6 37. Qd4+ Ka6 38. Qxb4 Rc8 39. Qa4+ Kb7
40. Qb5+ Ka7 41. c4  1-0

[Event "FIDE Online Olympiad"]
[Site "Chess.com"]
[Date "2020.07.25"]
[EventDate "2020.07.25"]
[Round "2"]
[Result "1-0"]
[White "Sixtus Gabriel"]
[Black "Peter van den Brink"]
[WhiteElo "1888"]
[BlackElo "2180"]
[PlyCount "105"]

1. e4 c5 2. Nf3 d6 3. d4 cxd4 4. Nxd4 Nf6 5. Nc3 g6 6. Be2 Bg7
7. Be3 Nc6 8. f3 d5 9. Nxc6 bxc6 10. e5 Nd7 11. f4 e6 12. O-O
O-O 13. Na4 Qa5 14. b3 c5 15. c4 d4 16. Bd2 Qc7 17. Bf3 Rb8
18. Rc1 Bb7 19. Qe1 Rfe8 20. Ba5 Nb6 21. Nb2 f6 22. exf6 Bxf6
23. Nd3 e5 24. fxe5 Bxe5 25. Qh4 Bg7 26. b4 Bf8 27. Qg5 Re3
28. Bxb7 Rxb7 29. Nxc5 Be7 30. Bxb6 Bxg5 31. Bxc7 Rxc7
32. Rcd1 Re5 33. Nd3 Be3+ 34. Kh1 Rh5 35. c5 g5 36. g3 Rc6
37. Kg2 Rch6 38. Rh1 g4 39. a4 Rf5 40. Rdf1 Rfh5 41. b5 a6
42. b6 Rd5 43. b7 Rd8 44. Rb1 Rb8 45. Rhf1 Rc6 46. Rb3 Rc7
47. Rfb1 Kf7 48. Rb6 a5 49. c6 Ke7 50. Ra6 Kd6 51. Ra8 Rxc6
52. Rxb8 Rc2+ 53. Kh1 1-0

[Event "FIDE Online Olympiad"]
[Site "Chess.com"]
[Date "2020.07.25"]
[EventDate "2020.07.25"]
[Round "2"]
[Result "1-0"]
[White "Octavio Croes"]
[Black "Dien Thomas"]
[WhiteElo "1801"]
[BlackElo "1821"]
[PlyCount "95"]

1. d4 Nf6 2. c4 g6 3. Nc3 Bg7 4. Nf3 O-O 5. e4 d6 6. g3 a5
7. Bg2 Na6 8. O-O Rb8 9. Qe2 c5 10. Rd1 Bg4 11. Be3 b6 12. h3
Bxf3 13. Bxf3 Qc8 14. Bg2 e6 15. Nb5 Rd8 16. Bf4 e5 17. dxe5
Nh5 18. Nxd6 Nxf4 19. gxf4 Qe6 20. Nb5 Nb4 21. a3 Nc6 22. Rd5
Nd4 23. Nxd4 cxd4 24. Rd1 b5 25. cxb5 Qb6 26. a4 Rbc8 27. Qd3
Bh6 28. f5 Rc1 29. Rxc1 Bxc1 30. Qc4 Bf4 31. Qc6 Qb8 32. e6
Bd6 33. exf7+ Kxf7 34. e5 Be7 35. Qe6+ Kf8 36. fxg6 hxg6
37. Qxg6 Qc7 38. e6 Qc1+ 39. Bf1 Qf4 40. Rf5+ Qxf5 41. Qxf5+
Kg8 42. Qf7+ Kh8 43. Bd3 Rg8+ 44. Kf1 Rg7 45. Qe8+ Rg8
46. Qxe7 Rg7 47. Qf8+ Rg8 48. Qh6# 1-0

[Event "FIDE Online Olympiad"]
[Site "Chess.com"]
[Date "2020.07.25"]
[EventDate "2020.07.25"]
[Round "2"]
[Result "1-0"]
[White "Nathaniel Mathurin"]
[Black "Ilya Stetsenko"]
[WhiteElo "1669"]
[BlackElo "1596"]
[PlyCount "87"]

1. e4 c6 2. d4 d5 3. Nc3 dxe4 4. Nxe4 Nd7 5. Nf3 Ngf6 6. Nxf6+
Nxf6 7. Bd3 Bg4 8. c3 e6 9. O-O Be7 10. Re1 Qc7 11. Qe2 O-O-O
12. b4 Nd5 13. Bd2 Nf4 14. Bxf4 Qxf4 15. Qe5 Bd6 16. Qxf4 Bxf4
17. Re4 Bxf3 18. Rxf4 Bh5 19. g4 Bg6 20. Bxg6 fxg6 21. Re1
Rhe8 22. Re5 Re7 23. Rfe4 Kd7 24. b5 cxb5 25. Rxb5 Kd6 26. c4
Rf7 27. Rbe5 Re8 28. c5+ Kd7 29. Re2 Ref8 30. Kg2 Rf4 31. Rxe6
Rxg4+ 32. Kh3 Rxd4 33. Re7+ Kc6 34. Rxg7 Kxc5 35. Rxb7 Rd3+
36. Kg2 a5 37. Rxh7 Rdf3 38. Rh6 R3f6 39. h4 Kb4 40. Rh7 Rf4
41. Rg7 R4f6 42. Rb7+ Ka3 43. Rb3+ Ka4 44. Re4# 1-0

[Event "FIDE Online Olympiad"]
[Site "Chess.com"]
[Date "2020.07.25"]
[EventDate "2020.07.25"]
[Round "2"]
[Result "1-0"]
[White "Mariano Ortega Amarelle"]
[Black "Sidi Boidiya"]
[WhiteElo "2482"]
[BlackElo "2065"]
[PlyCount "149"]

1. d4 d5 2. c4 c6 3. Nf3 Nf6 4. e3 e6 5. Nbd2 Nbd7 6. Bd3 dxc4
7. Nxc4 Be7 8. O-O c5 9. Nce5 cxd4 10. exd4 O-O 11. Bc2 Nb6
12. Qd3 Nbd5 13. a3 Bd7 14. Bg5 a6 15. Rfe1 Bb5 16. Qd2 Rc8
17. Rad1 Qc7 18. Bb3 Rcd8 19. Bh4 Qb6 20. Bc2 Nc7 21. Rc1 Bc6
22. Nxc6 bxc6 23. Bb1 Nb5 24. Qc2 g6 25. Qxc6 Qa7 26. Red1
Nxd4 27. Nxd4 Rxd4 28. Bg3 Rfd8 29. Re1 Bd6 30. Bxd6 R4xd6
31. Qf3 Nd5 32. g3 Ne7 33. Kg2 Nf5 34. Bxf5 gxf5 35. Re2 Rb6
36. b4 Qb7 37. Qxb7 Rxb7 38. Rc6 Ra8 39. Rb2 Kf8 40. Kf3 Ke7
41. Ke3 Kd7 42. Rc5 a5 43. Rd2+ Ke7 44. bxa5 Rba7 45. Ke2 Rxa5
46. Rc7+ Kf6 47. Rdd7 Rf8 48. Rc3 Rfa8 49. Rcc7 Rf8 50. Ra7
Rxa7 51. Rxa7 Rb8 52. a4 Rb2+ 53. Kf3 Rb3+ 54. Kg2 e5 55. a5
Ra3 56. a6 Ra2 57. Ra8 e4 58. Kf1 Ra1+ 59. Ke2 Ra2+ 60. Ke3
Ra3+ 61. Kd4 Ra4+ 62. Kc5 f4 63. gxf4 Kf5 64. Kb6 Kxf4 65. Rf8
f5 66. a7 Kg4 67. a8=Q Rxa8 68. Rxa8 Kf3 69. Rf8 f4 70. Kc5 e3
71. fxe3 Kxe3 72. Rh8 f3 73. Rxh7 f2 74. Rf7 Ke2 75. h4 1-0

[Event "FIDE Online Olympiad"]
[Site "Chess.com"]
[Date "2020.07.25"]
[EventDate "2020.07.25"]
[Round "2"]
[Result "1-0"]
[White "Konstantinos Michaelides"]
[Black "Shaun M Tracey"]
[WhiteElo "1996"]
[BlackElo "1627"]
[PlyCount "97"]

1. d4 e6 2. c4 f5 3. Nc3 Nf6 4. Qc2 Bb4 5. Bg5 h6 6. Bd2 O-O
7. Nf3 d6 8. e3 b6 9. a3 Bxc3 10. Bxc3 Ne4 11. Be2 Bb7 12. O-O
Nd7 13. b4 Nxc3 14. Qxc3 Nf6 15. c5 Ne4 16. Qb3 Bd5 17. Bc4
Bxc4 18. Qxc4 Qe7 19. Rfc1 Rf7 20. Rc2 g5 21. cxd6 cxd6
22. Rac1 Raf8 23. Qd3 Qb7 24. Rc6 Rd7 25. b5 Kg7 26. Nd2 Nf6
27. Nc4 Rfd8 28. Nxd6 Qb8 29. Nc4 Ng4 30. g3 Re8 31. h3 Nf6
32. Ne5 Rde7 33. Qd1 Rd8 34. Qe2 Rde8 35. a4 Qd8 36. Qc4 Nd5
37. Qb3 Kh7 38. Kh2 Rg7 39. R1c4 Rge7 40. Qc2 Rg7 41. Rc8 Qe7
42. Rxe8 Qxe8 43. Rc8 Qh5 44. g4 Qh4 45. gxf5 Nf6 46. f4 gxf4
47. fxe6+ Ne4 48. Qxe4+ Rg6 49. Qxg6# 1-0

[Event "FIDE Online Olympiad"]
[Site "Chess.com"]
[Date "2020.07.25"]
[EventDate "2020.07.25"]
[Round "3"]
[Result "1-0"]
[White "Sidi Boidiya"]
[Black "Konstantinos Michaelides"]
[WhiteElo "2065"]
[BlackElo "1996"]
[PlyCount "63"]

1. e4 e6 2. d4 d5 3. exd5 exd5 4. Nf3 Bd6 5. Bd3 Ne7 6. O-O
Nbc6 7. c3 Bf5 8. Bg5 f6 9. Bh4 Qd7 10. Qc2 O-O-O 11. Bg3 Bxd3
12. Qxd3 g5 13. Nbd2 h5 14. Bxd6 Qxd6 15. b4 Rdg8 16. Nb3 h4
17. Rfe1 g4 18. Nfd2 g3 19. fxg3 hxg3 20. h3 Nd8 21. Nc5 Kb8
22. Re3 Ng6 23. Rf1 Nh4 24. Nf3 Nxg2 25. Kxg2 Rxh3 26. Qf5 Rh6
27. Nd7+ Ka8 28. Nxf6 Rh2+ 29. Nxh2 gxh2+ 30. Kh1 Rg1+
31. Rxg1 hxg1=Q+ 32. Kxg1 1-0

[Event "FIDE Online Olympiad"]
[Site "Chess.com"]
[Date "2020.07.25"]
[EventDate "2020.07.25"]
[Round "3"]
[Result "1-0"]
[White "Alexandros Isaakidis"]
[Black "Ethmane Daouda Sabar"]
[WhiteElo "2099"]
[BlackElo "2040"]
[PlyCount "57"]

1. e4 c5 2. Nc3 Nc6 3. Bb5 g6 4. Bxc6 dxc6 5. f4 Bg7 6. Nf3 c4
7. a4 Rb8 8. Qe2 Be6 9. Ng5 Qd7 10. O-O b5 11. axb5 cxb5
12. Nxe6 Qxe6 13. Nd5 Rc8 14. d3 Nf6 15. f5 gxf5 16. Rxf5 Nxd5
17. Rxd5 O-O 18. Rxb5 cxd3 19. cxd3 Qc6 20. Rg5 Kh8 21. h3 Bh6
22. Qh5 Bxg5 23. Qxg5 Qc5+ 24. Qxc5 Rxc5 25. Be3 Rc2 26. Rxa7
e5 27. Rb7 Rd8 28. Bg5 Rc6 29. Bxd8 1-0

[Event "FIDE Online Olympiad"]
[Site "Chess.com"]
[Date "2020.07.25"]
[EventDate "2020.07.25"]
[Round "3"]
[Result "1-0"]
[White "Taleb Mohamed Mohamed Abderrahim"]
[Black "Andreas Hadjinicolaou"]
[WhiteElo "1811"]
[BlackElo "1781"]
[PlyCount "115"]

1. e4 d5 2. exd5 Qxd5 3. Nc3 Qd6 4. d4 Nf6 5. g3 Bg4 6. Be2
Bxe2 7. Ngxe2 Nc6 8. Bf4 e5 9. dxe5 Nxe5 10. Nb5 Qc6 11. Nxc7+
Qxc7 12. Nd4 O-O-O 13. O-O Rxd4 14. Qxd4 Nf3+ 15. Kg2 Nxd4
16. Bxc7 Kxc7 17. Rad1 Bc5 18. b4 Bb6 19. c4 Ne6 20. c5 Nxc5
21. bxc5 Bxc5 22. Rc1 b6 23. Rfe1 Re8 24. Rxe8 Nxe8 25. f4 Nf6
26. Kf3 h5 27. h3 Kd7 28. Rd1+ Kc7 29. a4 a5 30. g4 g6
31. gxh5 Nxh5 32. Kg4 Bd6 33. f5 Nf6+ 34. Kg5 Ne4+ 35. Kh6
gxf5 36. h4 Bf8+ 37. Kh7 Nf6+ 38. Kh8 Bc5 39. Rf1 Bd4 40. Rxf5
Kd6 41. Kg7 Ne4+ 42. Kxf7 Nc3 43. h5 Nxa4 44. Rf4 Ke5 45. Rxd4
Kxd4 46. h6 b5 47. h7 b4 48. h8=Q+ Kc4 49. Ke6 Kb3 50. Kd5
Nc3+ 51. Kd4 a4 52. Qg8+ Kb2 53. Qc4 Ka3 54. Kd3 Na2 55. Kc2
b3+ 56. Kb1 Nb4 57. Qc5 b2 58. Qc3# 1-0

[Event "FIDE Online Olympiad"]
[Site "Chess.com"]
[Date "2020.07.25"]
[EventDate "2020.07.25"]
[Round "3"]
[Result "1-0"]
[White "Hussien Asabri"]
[Black "Sixtus Gabriel"]
[WhiteElo "2218"]
[BlackElo "1888"]
[PlyCount "53"]

1. d4 g6 2. Nf3 Bg7 3. g3 d6 4. Bg2 Nf6 5. O-O O-O 6. c4 Na6
7. Nc3 c5 8. d5 Bd7 9. h3 Nc7 10. e4 b5 11. Re1 Rb8 12. cxb5
Nxb5 13. e5 dxe5 14. Nxe5 Nxc3 15. bxc3 Bc8 16. Nc6 Qc7
17. Bf4 Qd7 18. Rxe7 Qf5 19. Bxb8 Ba6 20. Rxa7 Qd3 21. Qxd3
Bxd3 22. Rd1 c4 23. d6 Bf5 24. Ne7+ Kh8 25. Nxf5 gxf5 26. d7
Rxb8 27. d8=Q+ 1-0

[Event "FIDE Online Olympiad"]
[Site "Chess.com"]
[Date "2020.07.26"]
[EventDate "2020.07.25"]
[Round "4"]
[Result "1-0"]
[White "Wynn Zaw Htun"]
[Black "Kassim Hassan Fidow"]
[WhiteElo "2477"]
[BlackElo "1607"]
[PlyCount "45"]

1. Nf3 d5 2. e3 Nf6 3. c4 e6 4. Nc3 Be7 5. d4 c5 6. Be2 Nbd7
7. O-O h6 8. b3 O-O 9. Bb2 b6 10. cxd5 exd5 11. dxc5 Nxc5
12. Nd4 Re8 13. Nc6 Qd6 14. Nxe7+ Rxe7 15. Nb5 Qe6 16. Nd4 Qd6
17. Rc1 a6 18. b4 Nce4 19. Nc6 Re8 20. f3 Ng5 21. f4 Nge4
22. Be5 Qd7 23. Nd4 1-0